|
|
|
|
| LEADER |
00000cam a2200000 a 4500 |
| 001 |
vtls010436659 |
| 003 |
SK-MaSNL |
| 005 |
20260301132739.0 |
| 008 |
240314s2012 xo a e 001 0 slo |
| 015 |
|
|
|a SNBA2012/10-05321
|
| 020 |
|
|
|a 9788022331944
|q (brož.)
|
| 035 |
|
|
|a 29EA023D-A393-44A2-BF6F-2CF08C24620E
|
| 035 |
|
|
|a urn:nbn:sk:snk-amjy4y
|
| 035 |
|
|
|a urn:nbn:sk:snk-am0085c8
|
| 040 |
|
|
|a SNK
|b slo
|c SNK
|e AACR2
|
| 041 |
0 |
|
|a slo
|
| 044 |
|
|
|a xo
|c SK
|
| 072 |
|
7 |
|a 591
|x Všeobecná zoológia
|2 konspekt
|
| 080 |
|
|
|a 591.5
|2 2001
|
| 080 |
|
|
|a (075.8)
|2 2001
|
| 100 |
1 |
|
|a Holecová, Milada,
|d 1954-
|4 aut
|9 153943
|
| 245 |
1 |
0 |
|a Vybrané kapitoly z etológie hmyzu
|c Milada Holecová
|
| 250 |
|
|
|a 1. vyd.
|
| 260 |
|
|
|a V Bratislave
|b Univerzita Komenského
|c 2012
|
| 300 |
|
|
|a 116 s.
|b ilustr.
|c 29 cm
|
| 366 |
|
|
|e 100 výt.
|
| 504 |
|
|
|a Bibliogr. s. 110-111. Reg.
|
| 530 |
|
|
|a Vydané aj v elektronickej forme
|
| 650 |
0 |
7 |
|a etológia
|2 SNKPH
|9 18564
|
| 650 |
0 |
7 |
|a Ethology
|2 SNKPHeng
|9 285707
|
| 650 |
0 |
7 |
|a správanie živočíchov
|2 SNKPH
|9 73676
|
| 650 |
0 |
7 |
|a Animal behavior
|2 SNKPHeng
|9 341640
|
| 655 |
|
7 |
|a učebnice vysokých škôl
|2 SNKPH
|9 70191
|
| 655 |
|
7 |
|a Textbooks (higher)
|2 SNKPHeng
|9 276436
|
| 776 |
1 |
|
|t Vybrané kapitoly z etológie hmyzu
|w vtls010427450
|
| 919 |
|
|
|a 978-80-223-3194-4
|
| 958 |
|
|
|a NB
|
| 968 |
|
|
|d 56/59
|
| 999 |
|
|
|c 751837
|d 753767
|
| 952 |
|
|
|a SNK
|b SNK
|y PREZ
|7 0
|p 17A1031497
|o snkSB 83194
|i snk2012/14069
|8 0
|0 0
|1 0
|4 0
|d 2012-07-17
|f 1
|l 0
|r 2025-05-05 00:00:00
|w 2026-02-23
|
| 952 |
|
|
|a SNK
|b SNK
|y VYP
|7 0
|p 17A1031498
|o snkSB 83194 D1
|i snk2012/14070
|8 0
|0 0
|1 0
|4 0
|d 2012-07-17
|l 0
|r 2016-06-30 00:00:00
|w 2026-02-23
|